TEXT BOOK PREVENTIVE AND SOCIAL MEDICINE (Record no. 8238)

MARC details
000 -LEADER
fixed length control field 00495nam a22001817a 4500
005 - DATE AND TIME OF LATEST TRANSACTION
control field 20230403131705.0
008 - FIXED-LENGTH DATA ELEMENTS--GENERAL INFORMATION
fixed length control field 230328b |||||||| |||| 00| 0 eng d
020 ## - INTERNATIONAL STANDARD BOOK NUMBER
ISBN 978-935090-187-8
041 ## - LANGUAGE CODE
Language code of text/sound track or separate title eng
082 ## - DEWEY DECIMAL CLASSIFICATION NUMBER
Classification number 613 GUP- M
100 ## - MAIN ENTRY--AUTHOR NAME
Personal name GUPTA, MC AND MAHAJAN ,BK
245 ## - TITLE STATEMENT
Title TEXT BOOK PREVENTIVE AND SOCIAL MEDICINE
250 ## - EDITION STATEMENT
Edition statement 4th ed.
260 ## - PUBLICATION, DISTRIBUTION, ETC. (IMPRINT)
Name of publisher JAPEE BROTHERS MEDICAL PUBLICATIONS
Year of publication 2013
300 ## - PHYSICAL DESCRIPTION
Number of Pages 703;P.
650 ## - SUBJECT ADDED ENTRY--TOPICAL TERM
Topical Term PHARMACY
General subdivision B. PHARMA
942 ## - ADDED ENTRY ELEMENTS (KOHA)
Koha item type Books
Holdings
Lost status Damaged status Collection code Home library Current library Shelving location Date acquired Source of acquisition Cost, normal purchase price Full call number Accession Number Koha item type
    Reference JRU Library JRU Library SHELF-19-G 23/03/2023 LOHIA BOOK INTERNATIONAL 1595.00 613 GUP- M 27559 Books
    PHARMACY JRU Library JRU Library SHELF-19-G 23/03/2023 LOHIA BOOK INTERNATIONAL 1595.00 613 GUP- M 27560 Books
    PHARMACY JRU Library JRU Library SHELF-19-G 23/03/2023 LOHIA BOOK INTERNATIONAL 1595.00 613 GUP- M 27561 Books